A brief history of Europe in the nineteenth and the twentieth centuries (1830-1939) / (Record no. 143836)

MARC details
000 -LEADER
fixed length control field 00626nam a22001937a 4500
005 - DATE AND TIME OF LATEST TRANSACTION
control field 20170825144112.0
010 ## - LCCN (DPL NO)
LC control number ENG-120118
020 ## - INTERNATIONAL STANDARD BOOK NUMBER
International Standard Book Number 9789382549338
Terms of availability 400.00
035 ## - SYSTEM CONTROL NUMBER
System control number EN-103650
037 ## - SOURCE OF ACQUISITION
Source of stock number/acquisition DBAD/PUB
082 ## - DEWEY DECIMAL CLASSIFICATION NUMBER
Classification number 940
100 ## - MAIN ENTRY--PERSONAL NAME
Personal name Chakrabarti, Kaustav
245 ## - TITLE STATEMENT
Title A brief history of Europe in the nineteenth and the twentieth centuries (1830-1939) /
Statement of responsibility, etc by Kaustav Chakrabarti
260 ## - PUBLICATION, DISTRIBUTION, ETC. (IMPRINT)
Place of publication, distribution, etc Kolkata
Name of publisher, distributor, etc Rachayita
Date of publication, distribution, etc 2014
270 ## - ADDRESS
Address 59/5, Garfa Main Road,
City Kolkata
Postal code 700075
300 ## - PHYSICAL DESCRIPTION
Extent 152p.
Dimensions 22cm(Hb)
500 ## - GENERAL NOTE
General note Includes bibliographical references
942 ## - ADDED ENTRY ELEMENTS (KOHA)
Source of classification or shelving scheme Dewey Decimal Classification
Item type English Books
Classification part 940
Call number suffix CHA
Holdings
Withdrawn status Lost status Not for loan Collection code Home library Current library Date acquired Source of acquisition Cost, normal purchase price Full call number Barcode Copy number Cost, replacement price Koha item type
      Non-fiction Shahdara Branch Shahdara Branch 25/08/2017 DBAD/PUB 400.00 940 CHA EN-103650 1 400.00 English Books

© Delhi Public Library
Hit Counter
free hit counter